000 00662nam a2200241 i 4500
001 bgj
245 1 0 _aJahraus, Jahrein /
_causgewählt von Elisabeth Borchers.
246 1 0 _aLektüre zwischen den Jahren.
260 _aFrankfurt am Main :
_bSuhrkamp Verlag,
_c1989.
300 _a160 s. ;
_c15 cm.
490 1 _aLektüre zwischen den Jahren
650 9 _aLiteratura niemiecka
700 1 _aBORCHERS, Elisabeth.
830 _aLektüre zwischen den Jahren
020 _a3518401769
040 _cBPK
041 0 _ager
044 _aDEU
080 _a821.112.2
920 _a3-518-40176-9
942 _cKS
008 s gw f |000 0 ger
999 _c50547
_d50547
856 _uhttp://koha.tu.koszalin.pl/cgi-bin/koha/opac-detail.pl?biblionumber=50547
_yKatalog online BPK